Η χορτοφάγος / (Record no. 10083)
[ view plain ]
| 000 -LEADER | |
|---|---|
| fixed length control field | 02832nam a22002177a 4500 |
| 003 - ΤΑΥΤΟΤΗΤΑ ΤΟΥ ΑΡΙΘΜΟΥ ΕΛΕΓΧΟΥ | |
| Πεδίο ελέγχου | GR-AtMCL |
| 005 - ΗΜΕΡΟΜΗΝΙΑ ΚΑΙ ΩΡΑ ΤΕΛΕΥΤΑΙΑΣ ΕΝΗΜΕΡΩΣΗΣ | |
| Πεδίο ελέγχου | 20260127124150.0 |
| 006 - FIXED-LENGTH DATA ELEMENTS--ADDITIONAL MATERIAL CHARACTERISTICS | |
| Πεδίο ελέγχου σταθερού μήκους | a|||||r||||||||||| |
| 008 - FIXED-LENGTH DATA ELEMENTS--GENERAL INFORMATION | |
| Πεδίο ελέγχου σταθερού μήκους | s2020||||gr g ||| gre d |
| 020 ## - ISBN | |
| ISBN | 9789600367218 |
| 040 ## - ΠΗΓΗ ΚΑΤΑΛΟΓΟΓΡΑΦΗΣΗΣ | |
| Γλώσσα καταλογογράφησης | Ελληνικά, Μοντέρνα (1453-) |
| Φορέας πρωτότυπης καταλογογράφησης | MC Athens Campus Library |
| Modifying agency | MC Athens Campus Library |
| Κανόνες περιγραφικής καταλογογράφησης | AACR2 |
| 041 1# - ΓΛΩΣΣΑ | |
| Κωδικός γλώσσας πρωτότυπου | Κορεάτικα |
| 100 ## - MAIN ENTRY--PERSONAL NAME | |
| Personal name | Kang, Han |
| 9 (RLIN) | 10298 |
| 245 02 - ΤΙΤΛΟΣ ΚΑΙ ΔΗΛΩΣΗ ΥΠΕΥΘΥΝΟΤΗΤΑΣ | |
| Τίτλος | Η χορτοφάγος / |
| Statement of responsibility, etc. | Χαν Γκανγκ ; μετάφραση από τα κορεάτικα Αμαλία Τζιώτη |
| 260 ## - PUBLICATION, DISTRIBUTION, ETC. | |
| Place of publication, distribution, etc. | Αθήνα : |
| Name of publisher, distributor, etc. | Εκδόσεις Καστανιώτη, |
| Date of publication, distribution, etc. | 2020 |
| 300 ## - PHYSICAL DESCRIPTION | |
| Extent | 192 σ. ; |
| Διαστάσεις | 21 εκ. |
| 520 ## - SUMMARY, ETC. | |
| Summary, etc. | Η Γιόνγκ Χιε και ο σύζυγός της είναι δύο άνθρωποι του μέσου όρου. Εκείνος πηγαινοέρχεται δουλοπρεπώς στο γραφείο του, δεν διακατέχεται από καμία φιλοδοξία. Εκείνη δεν τη χαρακτηρίζει κανένα πάθος, είναι απλώς μια αφοσιωμένη νοικοκυρά. Η μονοτονία του γάμου τους ανατρέπεται όταν η ΓιόνγκΧιε αποφασίζει μια μέρα να μην ξαναφάει κρέας. Δεν δίνει εξηγήσεις. "Είδα ένα όνειρο", αυτό λέει μονάχα. Πρόκειται για μια μικρή ένδειξη ανεξαρτησίας, η οποία όμως μπορεί να θεωρηθεί ακραία και να αποδειχθεί ιδιαίτερα επικίνδυνη σε μια χώρα όπως η Νότια Κορέα. Και δεν φτάνει αυτό. Η παθητική αντίσταση της ΓιόνγκΧιε, μια διαδικασία ιδιότυπης μεταμόρφωσης, ξεπερνά κάθε όριο γκροτέσκου. Ποτέ δεν φορούσε με ευχαρίστηση σουτιέν, αλλά τώρα αρχίζει να το κάνει και δημοσίως. Επιπλέον, ονειρεύεται να ζήσει σαν φυτό. Σύσσωμη η οικογένεια θα στραφεί τελικά εναντίον της. Η βραβευμένη Χορτοφάγος είναι μια ιστορία καφκικής σύλληψης που αναπτύσσεται σε τρεις πράξεις. Ένα μυθιστόρημα σαγηνευτικό και αλλόκοτο, βίαιο και αισθησιακό, με το οποίο η ΧανΓκανγκ, από τις δημοφιλέστερες λογοτεχνικές φωνές της Άπω Ανατολής, διερευνά την επιθυμία και την ντροπή, την καταπίεση και την εξουσία. |
| 650 #0 - SUBJECT ADDED ENTRY--TOPICAL TERM | |
| Topical term or geographic name entry element | Κορεατική λογοτεχνία |
| 9 (RLIN) | 10297 |
| 942 ## - ADDED ENTRY ELEMENTS (KOHA) | |
| Koha item type | Books |
| Τύπος τεκμηρίου | Βιβλιοθήκη | Τρέχουσα τοποθεσία | Barcode | Αριθμός εισαγωγής | Ημερομηνία απόκτησης | Ταξιθετικό σύμβολο | Αριθμός αντιτύπου | Κατάσταση απόσυρσης | Κατάσταση χαμένου | Κατάσταση κατεστραμμένου | Μη δανεισμός | Σύνολο δανεισμών | Ημερομηνία τελευταίας εμφάνισης | Η τιμή ισχύει από |
|---|---|---|---|---|---|---|---|---|---|---|---|---|---|---|
| Books | MC Athens Campus Library | MC Athens Campus Library | 9780000100900 | 8273 | 27/01/2026 | 895.7 ΚΑΝ | 1 | 27/01/2026 | 27/01/2026 |